[Event "Voronezh op-B 14th"]
[Site "Voronezh"]
[Date "2010.06.19"]
[Round "7"]
[White "Voronin, Mikhail"]
[Black "Sedenko, Anatoly Ivanovich"]
[Result "0-1"]
[WhiteElo "1986"]
[BlackElo "2047"]
[PlyCount "92"]
[EventDate "2010.06.12"]
[EventType "swiss"]
[EventRounds "9"]
[EventCountry "RUS"]
[SourceTitle "CBM 137 Extra"]
[Source "ChessBase"]
[SourceDate "2010.09.01"]
[SourceVersion "1"]
[SourceVersionDate "2010.09.01"]
[SourceQuality "1"]

1. e4 Nf6 2. e5 Nd5 3. c4 Nb6 4. d4 d6 5. Nf3 Bg4 6. h3 Bh5 7. exd6 exd6 8. Be3 Nc6 9. Nbd2 Be7 10. Be2 0-0 11. Nh2 Bg6 12. 0-0 Nb4 13. a3 Nc2 14. Rc1 Nxe3 15. fxe3 Bg5 16. Rf3 Qe7 17. Ndf1 Be4 18. Rg3 Bh4 19. Rg4 f5 20. Rf4 g5 21. Rxh4 gxh4 22. Bf3 Rae8 23. Bh5 Qg5 24. Bf3 Re7 25. Bxe4 fxe4 26. Qe1 Rg7 27. Rc2 Nxc4 28. Qc3 b5 29. a4 a6 30. b3 Nb6 31. Qc6 Qd5 32. axb5 axb5 33. Qc3 h5 34. b4 Nc4 35. Qe1 Qg5 36. Ra2 Kh8 37. Kh1 d5 38. Qe2 Rgf7 39. Qe1 c6 40. Rc2 Kh7 41. Ra2 Kh6 42. Kg1 Qf6 43. Rc2 Qg5 44. Kh1 Rf6 45. Kg1 Rg6 46. Kh1 Qe7 0-1

[Event "Voronezh op-B 14th"]
[Site "Voronezh"]
[Date "2010.06.15"]
[Round "4"]
[White "Butneva, Larisa"]
[Black "Voronin, Mikhail"]
[Result "0-1"]
[WhiteElo "1876"]
[BlackElo "1986"]
[PlyCount "82"]
[EventDate "2010.06.12"]
[EventType "swiss"]
[EventRounds "9"]
[EventCountry "RUS"]
[SourceTitle "CBM 137 Extra"]
[Source "ChessBase"]
[SourceDate "2010.09.01"]
[SourceVersion "1"]
[SourceVersionDate "2010.09.01"]
[SourceQuality "1"]

1. c4 b6 2. Nc3 e6 3. e4 Bb7 4. a3 Ne7 5. d4 f5 6. e5 Ng6 7. Nf3 Be7 8. d5 exd5 9. cxd5 0-0 10. Bd3 Na6 11. b4 Nxb4 12. Bc4 Kh8 13. axb4 Bxb4 14. Bd2 Re8 15. e6 Qf6 16. Qb3 dxe6 17. 0-0 Bd6 18. Bg5 Qf8 19. dxe6 Bxf3 20. gxf3 Ne5 21. Be2 h6 22. Be3 Qf6 23. f4 Ng6 24. Bh5 Rxe6 25. Bxg6 Qxg6+ 26. Kh1 Qe8 27. Rg1 Qc6+ 28. Nd5 Re4 29. Rg2 a5 30. Rc1 Qd7 31. Rcg1 a4 32. Qc3 Be5 33. fxe5 Qxd5 34. Qxc7 Rg8 35. Qxb6 Rg4 36. Qb1 a3 37. Qxf5 Rxg2 38. Rxg2 a2 39. f3 a1Q+ 40. Rg1 Qaxe5 41. Qxe5 Qxe5 0-1